000 00978nam a22002657a 4500
008 130821s2002 xxua gr eng
020 _a0683307649
040 _aCo-BoUCM
_bspa
041 0 0 _aeng
060 _aWV 270 N874h 5a. Ed.
100 1 _aNorthern, Jerry L.
_9171362
245 1 0 _aHearing in children
_cJerry L. Northern, Marion P. Downs
250 _a5a. Ed.
260 _aFiladelfia (Pensilvania, Estados Unidos)
_bLippincott Williams & Wilkins
_cc2002
300 _axiv, 452 páginas
_bilustraciones
504 _aIncluye referencias bibliográficas e índice.
650 0 4 _aAudición
_99735
650 0 4 _aAudición
_xEnfermedades
_99735
650 0 4 _aOtorrinolaringología
_920948
650 0 4 _aPediatría
_921221
650 0 4 _aTrastornos de la audición en niños
_925751
700 1 _aDowns, Marion P.
_9171363
856 4 2 _3Publicador
_uhttp://www.loc.gov/catdir/enhancements/fy0711/2001038193-d.html
942 _cLIBRO
_a15
_e5
_mN874h
_2NLM
_hWV 270
_n0
999 _c89845
_d89845